| 000 | 00549nam a2200193Ia 4500 | ||
|---|---|---|---|
| 003 | LDD | ||
| 008 | 181029s9999 xx 000 0 und d | ||
| 020 |
_a9780415426770 _cP 625.00 |
||
| 040 | _cLDD | ||
| 100 | _aAntonelli, Cristiano | ||
| 245 | 0 |
_aEconomics of innovation _bCritical concepts in economics _cCristiano Antonelli |
|
| 260 |
_aLondon _bRoutledge _c2008 |
||
| 300 | _a4v. | ||
| 365 | _bP 625.00 | ||
| 901 |
_a5725 _b17-02-2010 |
||
| 902 |
_a112 _b17-02-2010 _cF _dBB _e0 |
||
| 903 |
_aDiscount-15 _bReqst by : Madhu Bala |
||
| 942 |
_2ddc _cBK |
||
| 999 |
_c89489 _d89489 |
||